Holiday Quiz

Random Holiday or Christmas Quiz

Santa's Reindeer Quiz Stats

 Plays Quiz Updated Dec 25, 2012

Challenge
Share
Tweet
Embed
Score 0/8 Timer 01:00
2 Plays Today
Reindeer % Correct
Dancer
89.7%
Prancer
89.2%
Donner
87.5%
Blitzen
85.9%
Cupid
85.8%
Comet
85%
Dasher
84.5%
Vixen
79.1%

You're not logged in!

Compare scores with friends on all Sporcle quizzes.
OR
Log In

You Might Also Like...

Show Comments

Extras

Top Quizzes Today


Score Distribution

Your Account Isn't Verified!

In order to create a playlist on Sporcle, you need to verify the email address you used during registration. Go to your Sporcle Settings to finish the process.

Report this User

Report this user for behavior that violates our Community Guidelines.

Details: